00733 2200217 4500001002100000005001700021008004100038020002200079035002400101041000800125043001300133082001100146090002100157110003900178245016000217260004400377300003100421650002900452850001200481990002200493YOGYA-0711000000038920110708103907.0 ind  a978-979-472-989-2 0010-071100000000389 aInd aYOPD DIY a338.52 aDEP 338.52 Bad S aBADAN PUSAT STATISTIK (Yogyakarta) aStatistik harga produsen gabah Daerah Istimewa YogyakartabProducer Pric Statistics of unhulled rice Daerah Istimewa Yogyakarta 2009cBadan Pusat Statistik aYogyakartabBadan Pusat Statistikc2010 aiv, 33 lembarbilusc30 cm aPadi - Harga - Statistik aYOPDYOG aCB-D.11 2010-1890